00450nam a22001457a 4500041001200000082001400012100002700026245003900053260003300092300000700125650003100132942000700163952011700170999001700287 aEnglish a261.8 RAM aRamsey, Arthur Michael aThe Future of the Christian Church aLondonbSCM Press Ltd.c1943 a86 aChurch and Social Problems cBK 00104070aHMIbHMIcGENd2006-09-06eFeed the Mindg100.00l0o261.8 RAMp11002236r2026-01-16w2026-01-16yBK c20953d20953